000
00261pam a2200121 a 4500
020
_c
041
_a
eng
100
_a
S.K.Puelover.
245
_a
The Geniw Of American
_h
Textual Documents
260
_a
[s.l]:
_b
Pyramid Books
300
_a
384p.
930
_a
15559
999
_c
92459
_d
92459